000 00531nam a2200181Ia 4500
003 GCL
008 140319s9999 xx 000 0 ara d
040 _aGCL /
_cGCL
082 0 4 _a891.7
_bت ح
100 1 _aصلاح عيسى
245 1 0 _aالحب الاول /
_cصلاح عيسى
250 _aالاولى
260 _aالقاهرة :
_bالقاهرة الحديثة للطباعة ،
_c1946
300 _a104ص ؛
_c21 سم
650 0 4 _aالقصص القصيرة
650 0 4 _aالادب الروسى
942 _2ddc
_cBK
999 _c6866
_d6866